000 01013cam a22003257a 4500
999 _c8044
_d8044
001 13472147
003 OSt
005 20221027114104.0
008 040128s2003 enka bf 001 0 eng
010 _a 2004296355
015 _aGBA2-U3842
016 7 _a101170747
_2DNLM
020 _a0340807199
035 _a(OCoLC)ocm52342173
040 _aNLM
_cNLM
_dOIP
_dDLC
042 _alccopycat
050 0 0 _aRC675
_b.G48 2003
060 0 0 _a2003 D-441
082 0 0 _aWG100 E32k 2011
100 1 _aTatib,Karim;Bhartia;Uren,Neal;Noran,james;
_93766
245 1 0 _aEmergency Cardiology :
_ban evidence-based guide to acute cardiac problems
_cRatib,Karim;Bhartia;Uren,Neal;Noran,james;
260 _bHodder Anold;
_c2011
_auk
300 _aviii,278p;
_bill. ;
_c20 cm.
504 _aIncludes bibliographical references and index.
650 0 _aCardiology
_93767
650 1 2 _aHeart Diseases
_93770
856 4 2 _3Publisher description
906 _a7
_bcbc
_ccopycat
_d2
_encip
_f20
_gy-gencatlg
942 _2z
_cO_SHELF